Kent dicography - Statistics

General Stats
  • This quiz has been taken 10 times
  • The average score is 59 of 130
Answer Stats
Hint Answer % Correct
1. 400 slag
100%
8. FF
100%
3. Gravitation
100%
3. Isis & Bast
100%
6. Kärleken väntar
100%
4. La belle Epoque
100%
11. Mannen i den vita hatten (16 år senare
100%
8. Max 500
100%
3. Musik non stop
100%
2. Om du var här
100%
5. Palace & Main
100%
2. Petroleum
100%
9. Romeo återvänder ensam
100%
10. Rosor & palmblad
100%
7. Socker
100%
10. Sverige
100%
1. 18:29-4
67%
11. 747
67%
1. 999
67%
10. Beskyddaren
67%
7. Bianca
67%
3. Den döda vinkeln
67%
3. Dom andra
67%
2. Du är ånga
67%
4. Duett
67%
1. Elefanter
67%
9. Elite
67%
9. Elvis
67%
7. En himmelsk drog
67%
6. En timme en minut
67%
11. Frank
67%
8. Gamla Ullevi
67%
9. Godhet
67%
4. Hjärta
67%
5. Hur jag fick dig att älska mig
67%
3. Ingenting
67%
3. Ingenting någonsin
67%
12. Insekter
67%
2. Ismael
67%
6. Järnspöken
67%
4. Kevlarsjäl
67%
7. Klåparen
67%
1. Mirage
67%
5. OWC
67%
2. Pärlor
67%
2. Revolt III
67%
3. Saker man ser
67%
5. Sjukhus
67%
10. Stenbrott
67%
1. Sundance Kid
67%
8. Svarta linjer
67%
5. Tänd på
67%
2. Taxmannen
67%
13. Visslaren
67%
5. 10 minuter (för mig själv)
33%
1. Andromeda
33%
4. Ärlighet Respekt Kärlek
33%
1. Avtryck
33%
11. Berg & dalvana
33%
2. Berlin
33%
1. Blåjeans
33%
6. Celsius
33%
9. Cowboys
33%
11. Den andra sidan
33%
11. Den sista sången
33%
4. Den vänstra stranden
33%
11. Det finns inga ord
33%
8. Din enda vän
33%
4. Du var min arme
33%
9. Ensamheten
33%
11. Ensammast i Sverige
33%
5. Ett tidsfördriv att dö för
33%
10. Falska profeter
33%
8. Färger på natten
33%
7. Förlåtelsen
33%
9. Gigi
33%
1. Glasäpplen
33%
8. Halka
33%
10. Hänsyn
33%
7. Idioter
33%
7. Indianer
33%
4. Istället för ljud
33%
4. Jag ser dig
33%
2. Kräm (så nära får ingen gå)
33%
3. Krossa allt
33%
1. Kungen är död
33%
1. Livräddaren
33%
9. LSD, någon?
33%
4. När det blåser på månen
33%
5. Nattpojken & Dagflickan
33%
8. Pojken med hålet i handen
33%
7. Ruta 1
33%
3, Skogarna
33%
8. Skyll inte ifrån dig
33%
8. Stanna hos mig
33%
6. Stoppa mig Juni (Lilla Ego)
33%
5. Svart snö
33%
7. Team building
33%
2. Tennsoldater
33%
9. Thinner
33%
8. Våga vara rädd
33%
6. Vals för Satan (Din vän pessimisten)
33%
2. Var är vi nu
33%
3. Vi är för alltid
33%
6. Vi är inte längre där
33%
10. Vi kan väl vänta tills imorgon
33%
7. Vy från ett luftslott
33%
6. Allt har sin tid
0%
6. Berädd på allt
0%
5. Columbus
0%
7. Den osynlige mannen
0%
6. Ensam lång väg hem
0%
10. Generation ex
0%
10. Glider
0%
9. Ingen kommer att tro dig
0%
8. Innan allting tar slut
0%
7. Innan himlen faller ner
0%
5. Jag vill inte vara rädd
0%
9. Låt dom komma
0%
9. Minimalen
0%
4. Oproffessionell
0%
10. Passagerare
0%
10. Simmaren
0%
3. Skisser för sommaren
0%
6. Sömnen
0%
2. Som vatten
0%
10. Töntarna
0%
6. Vad två öron klarar
0%
5. Varje gång du möter min blick
0%
4. Vid din sida
0%
No matching quizzes found
Score Distribution
Percent of People with Each Score
Percentile by Number Answered
Your Score History
You have not taken this quiz